<?xml version="1.0" encoding="UTF-8"?>
<record
    xmlns:xsi="http://www.w3.org/2001/XMLSchema-instance"
    xsi:schemaLocation="http://www.loc.gov/MARC21/slim http://www.loc.gov/standards/marcxml/schema/MARC21slim.xsd"
    xmlns="http://www.loc.gov/MARC21/slim">

  <leader>01053nam a2200229 i 4500</leader>
  <controlfield tag="001">153965</controlfield>
  <controlfield tag="003">ES-MaACL</controlfield>
  <controlfield tag="005">20240215145839.0</controlfield>
  <controlfield tag="008">950206s1630    sp           |||| | spa d</controlfield>
  <datafield tag="040" ind1=" " ind2=" ">
    <subfield code="a">AN </subfield>
    <subfield code="b">spa</subfield>
  </datafield>
  <datafield tag="100" ind1="1" ind2=" ">
    <subfield code="a">Espinosa de los Monteros, Pablo.</subfield>
    <subfield code="9">47909</subfield>
  </datafield>
  <datafield tag="245" ind1="1" ind2="0">
    <subfield code="a">Segunda parte de la historia y grandezas de la ciudad de Sevilla ... / </subfield>
    <subfield code="c">por el licenciado Don Pablo de Espinosa de los Monteros, presbytero.</subfield>
  </datafield>
  <datafield tag="260" ind1=" " ind2=" ">
    <subfield code="a">En Sevilla : </subfield>
    <subfield code="b">en la officina de Ivan de Cabrera ..., </subfield>
    <subfield code="c">1630.</subfield>
  </datafield>
  <datafield tag="300" ind1=" " ind2=" ">
    <subfield code="a">[3], 138 h. ; </subfield>
    <subfield code="c">Fol.</subfield>
  </datafield>
  <datafield tag="597" ind1=" " ind2=" ">
    <subfield code="a">Sign.: [par&#xE1;grafo]3, A-C6, D8, E-Y6, Z4.</subfield>
  </datafield>
  <datafield tag="597" ind1=" " ind2=" ">
    <subfield code="a">Texto a dos columnas con apostillas marginales.</subfield>
  </datafield>
  <datafield tag="597" ind1=" " ind2=" ">
    <subfield code="a">Port. con esc. xil.</subfield>
  </datafield>
  <datafield tag="651" ind1=" " ind2="4">
    <subfield code="a">Sevilla-</subfield>
    <subfield code="x">Historia-</subfield>
    <subfield code="x">Obras anteriores a 1800.</subfield>
    <subfield code="9">9390</subfield>
  </datafield>
  <datafield tag="852" ind1=" " ind2=" ">
    <subfield code="a">ES-MaACL</subfield>
    <subfield code="j">R-3403 </subfield>
    <subfield code="d">Olim: G-5776</subfield>
    <subfield code="e"> Falto de [1] h. de prelim.</subfield>
    <subfield code="p">Vol.2</subfield>
    <subfield code="x"> Encuadernacion. holandesa </subfield>
    <subfield code="z">Cambio de signatura. Datos tomados del fichero topogr&#xE1;fico R</subfield>
    <subfield code="z">Cotejado con la relaci&#xF3;n de obras recuperadas</subfield>
    <subfield code="9">159590</subfield>
  </datafield>
  <datafield tag="942" ind1=" " ind2=" ">
    <subfield code="2">udc</subfield>
  </datafield>
  <datafield tag="999" ind1=" " ind2=" ">
    <subfield code="c">153965</subfield>
    <subfield code="d">153965</subfield>
  </datafield>
  <datafield tag="952" ind1=" " ind2=" ">
    <subfield code="0">0</subfield>
    <subfield code="1">0</subfield>
    <subfield code="4">0</subfield>
    <subfield code="7">0</subfield>
    <subfield code="8">LIBXVII</subfield>
    <subfield code="a">ATENEOM</subfield>
    <subfield code="b">ATENEOM</subfield>
    <subfield code="c">DEPO</subfield>
    <subfield code="d">2008-01-17</subfield>
    <subfield code="e">SSC</subfield>
    <subfield code="l">0</subfield>
    <subfield code="o">R-3403</subfield>
    <subfield code="p">1160975</subfield>
    <subfield code="r">2023-02-23 00:00:00</subfield>
    <subfield code="w">2023-02-23</subfield>
    <subfield code="y">MONANT</subfield>
  </datafield>
</record>
